=LDR 00000nam 2200000 4500 =001 INLIS000000000025157 =005 20130612123704 =008 ***********************************ind** =035 ##$$0010-061300000025157 =041 ##$$a ind =082 ##$$a 232 =090 ##$$a 232, WID s =100 ##$$a Widyamartaya, A =245 ##$$a Sejenak memandang Manusia kain kafan, A.Widyamartaya =260 ##$$a 1983 $b Yogyakarta =300 ##$$a 68 hlm., ilus., 15 cm =650 ##$$a Agama Kristen =850 ##$$a NBPNMAT